Waveforms / (Record no. 197103)

000 -LEADER
fixed length control field 01170 a2200169 4500
003 - CONTROL NUMBER IDENTIFIER
control field Nust
005 - DATE AND TIME OF LATEST TRANSACTION
control field 20221220134333.0
040 ## - CATALOGING SOURCE
Transcribing agency Nust
082 ## - DEWEY DECIMAL CLASSIFICATION NUMBER
Classification number 621.38411,WAV
100 ## - MAIN ENTRY--PERSONAL NAME
Personal name Britton Chance
9 (RLIN) 105383
245 ## - TITLE STATEMENT
Title Waveforms /
260 ## - PUBLICATION, DISTRIBUTION, ETC.
Place of publication, distribution, etc. New York
Name of publisher, distributor, etc. McGraw Hill
Date of publication, distribution, etc. 1949
300 ## - PHYSICAL DESCRIPTION
Extent xxii, 785 p.
505 ## - FORMATTED CONTENTS NOTE
Formatted contents note Introduction (Page-1), Operations on waveforms with linear circuits elements (Page-17), Operations with nonlinear circuit elements (Page-40), Sinusoidal waveform generators (Page-101), Generation of fast waveforms (Page-159), Blocking oscillators and delay-line pulse generators (Page 205), Generation of triangular waveforms (Page-254), Generation of special waveforms (Page-289), Amplitude ,selection,comparison and discrimination (Page-325), Time selection (Page-364), Electrical amplitude modulation (Page 389), Electromechanical modulators (Page-427), Time modulation (Page-466), Amplitude and time modulation (Page-501), Sinusoidal frequency multiplyers and dividers (Page-545), Counting (Page-602), Storage tubes (Page-707), Electrical delay lines (Page-730), supersonic delay lines (Page-751).
650 ## - SUBJECT ADDED ENTRY--TOPICAL TERM
Topical term or geographic name entry element Waveforms
9 (RLIN) 105384
942 ## - ADDED ENTRY ELEMENTS (KOHA)
Source of classification or shelving scheme
Koha item type Book
Holdings
Withdrawn status Lost status Source of classification or shelving scheme Damaged status Not for loan Permanent Location Current Location Shelving location Date acquired Full call number Barcode Date last seen Price effective from Koha item type Public note
          Military College of Signals (MCS) Military College of Signals (MCS) General Stacks 12/12/2016 621.38411,WAV MCS6669 12/08/2016 12/12/2016 Book Almirah No.38, Shelf No.3
© 2023 Central Library, National University of Sciences and Technology. All Rights Reserved.